Public relations zarzadzanie reputacja firmy

Gespeichert in:
Bibliographische Detailangaben
1. Verfasser: Budzynski, Wojciech
Format: Buch
Sprache:Polnisch
Veröffentlicht: Warszawa Poltext 1999
Schriftenreihe:Warsztaty menedzerskie
Schlagworte:
Tags: Tag hinzufügen
Keine Tags, Fügen Sie das erste Tag hinzu!

MARC

LEADER 00000nam a2200000 4500
001 c117666
005 20221221083354.2
020 |a 83-86890-39-8 
041 0 |a pol 
044 |a PL 
245 1 0 |a Public relations  |b zarzadzanie reputacja firmy  |c Wojciech Budzynski 
264 1 |a Warszawa  |b Poltext  |c 1999 
300 |a 156 s. 
490 1 |a Warsztaty menedzerskie 
830 0 |a Warsztaty menedzerskie 
610 2 0 |a práca s verejnosťou 
610 2 0 |a stratégia podniková 
610 2 0 |a firmy 
610 2 0 |a programy 
610 2 0 |a médiá 
610 2 0 |a propagácia 
610 2 0 |a reklama 
610 2 0 |a tlač 
610 2 0 |a informácie 
610 2 0 |a vydavateľstvá 
610 2 0 |a konferencie 
610 2 0 |a sponzorovanie 
610 2 0 |a lobizmus 
610 2 0 |a kríza podniku 
610 2 0 |a legislatíva 
100 1 |a Budzynski, Wojciech